Central Library OPAC University of Rajshahi

Micromethods in molecular biology / (Record no. 11817)

MARC details
000 -LEADER
fixed length control field 00837nam a2200253 a 4500
001 - CONTROL NUMBER
control field 11817
003 - CONTROL NUMBER IDENTIFIER
rucl marc code BD-RjUL
005 - DATE AND TIME OF LATEST TRANSACTION
control field 20211208235204.0
008 - FIXED-LENGTH DATA ELEMENTS--GENERAL INFORMATION
fixed length control field 170522s1973 enka b 001 0 eng
020 ## - INTERNATIONAL STANDARD BOOK NUMBER
International Standard Book Number 0412123800 :
035 ## - SYSTEM CONTROL NUMBER
System control number (BD-RjUL)11866
040 ## - CATALOGING SOURCE
Original cataloging agency DLC
Transcribing agency DLC
Modifying agency DLC
-- BD-RjUL
Language of cataloging eng
041 ## - LANGUAGE CODE
Language code of text/sound track or separate title eng
082 00 - DEWEY DECIMAL CLASSIFICATION NUMBER
Edition number 23
Classification number 572.8
Author mark and year NEM 1973
100 1# - MAIN ENTRY--PERSONAL NAME
Personal name Neuhoff, Volker.
9 (RLIN) 36609
245 10 - TITLE STATEMENT
Title Micromethods in molecular biology /
Statement of responsibility, etc. [edited by] Volker Neuhoff ; with contributions by G. F. Bahr ... [et al.].
260 ## - PUBLICATION, DISTRIBUTION, ETC. (IMPRINT)
Place of publication, distribution, etc. London :
Name of publisher, distributor, etc. Chapman and Hall [etc.],
Date of publication, distribution, etc. 1973.
300 ## - PHYSICAL DESCRIPTION
Pagination xv, 428 p. :
Illustrations ill. ;
Size 25 cm.
504 ## - BIBLIOGRAPHY, ETC. NOTE
Bibliography, etc Includes bibliographies and index.
650 #0 - SUBJECT ADDED ENTRY--TOPICAL TERM
Topical term or geographic name as entry element Molecular biology
9 (RLIN) 36611
700 1# - ADDED ENTRY--PERSONAL NAME
Personal name Bahr, Gunter F.
942 ## - ADDED ENTRY ELEMENTS (KOHA)
Source of classification or shelving scheme Dewey Decimal Classification
Koha item type Books
Holdings
Lost status Source of classification or shelving scheme Damaged status Not for loan Collection code Permanent Location Current Location Shelving location Date acquired Source of acquisition Cost, normal purchase price Total Checkouts Full call number Date last seen Copy number Koha item type
  Dewey Decimal Classification   Not For Loan Non-fiction Central Library, University of Rajshahi Central Library, University of Rajshahi Reading Room 16/05/1977 Heffers 16.50   572.8 NEM 1973 27/01/2014 C-1 Books
  Dewey Decimal Classification     Non-fiction Central Library, University of Rajshahi Central Library, University of Rajshahi   16/05/1977 Heffors 16.50   572.8 NEM 1973 22/05/2017 C-2 Books